| 000 | 00678nam a2200205 a 4500 | ||
|---|---|---|---|
| 005 | 20230225063706.0 | ||
| 008 | 040116s1981 mx r 000 0 spa d | ||
| 020 | _a9684700148 | ||
| 035 | _aUPN01000131344 | ||
| 049 | _aCG | ||
| 050 | 4 |
_aHC134 _bH4.3 1981 |
|
| 100 | 1 | _aHernández, Octavio A. | |
| 245 | 1 | 0 |
_aEsquema de la economía mexicana, hasta antes de la revolución : _buna advertencia para Iberoamérica / _cOctavio A. Hernández. |
| 250 | _a2a ed. | ||
| 260 |
_aMéxico : _bM. A. Porrúa, _c1981. |
||
| 300 | _a265 p. | ||
| 651 | 4 |
_aMEXICO - _xCONDICIONES ECONOMICAS - _y1540-1810 |
|
| 651 | 2 |
_aMéxico _xCondiciones económicas _ySiglo XIX _924843 |
|
| 905 | _aLibro | ||
| 999 |
_c103499 _d103499 |
||